[Event "74th ch-RUS w 2024"]
[Site "Barnaul RUS"]
[Date "2024.08.20"]
[Round "4.5"]
[White "Girya, Olga"]
[Black "Pogonina, Natalija"]
[Result "1/2-1/2"]
[WhiteTitle "GM"]
[BlackTitle "WGM"]
[WhiteElo "2402"]
[BlackElo "2387"]
[WhiteFideId "4195752"]
[BlackFideId "4147855"]
[EventDate "2024.08.17"]

1. d4 Nf6 2. c4 e6 3. Nc3 d5 4. cxd5 exd5 5. Bf4 Bd6 6. Bxd6 Qxd6 7. Qc2 c6 8.
e3 O-O 9. h3 b6 10. Nf3 Nbd7 11. Bd3 Bb7 12. O-O c5 13. Rfd1 g6 14. Bb5 c4 15.
Bxd7 Nxd7 16. Ne5 Nxe5 17. dxe5 Qxe5 18. Rd4 Rac8 19. Rad1 Rc5 20. Qd2 b5 21. a3
a6 22. Rh4 1/2-1/2

[Event "74th ch-RUS w 2024"]
[Site "Barnaul RUS"]
[Date "2024.08.20"]
[Round "4.6"]
[White "Gunina, Valentina"]
[Black "Shuvalova, Polina"]
[Result "1/2-1/2"]
[WhiteTitle "GM"]
[BlackTitle "IM"]
[WhiteElo "2435"]
[BlackElo "2487"]
[WhiteFideId "4167570"]
[BlackFideId "24171760"]
[EventDate "2024.08.17"]

1. d4 Nf6 2. c4 e6 3. Nf3 d5 4. Nc3 Be7 5. Bf4 O-O 6. e3 Nbd7 7. c5 Nh5 8. Bd3
Nxf4 9. exf4 b6 10. b4 a5 11. a3 c6 12. O-O Ba6 13. Bxa6 Rxa6 14. Qe2 Qa8 15. b5
cxb5 16. c6 Qxc6 17. Nxb5 Rc8 18. g3 Raa8 19. Rfe1 Bf8 20. Rab1 a4 21. Rb2 Ra5
22. Qd3 g6 23. h4 h5 24. Kg2 Bg7 25. Ne5 Nxe5 26. fxe5 Bf8 27. Qb1 Qd7 28. Re3
Kg7 29. Rf3 Be7 30. Rf4 Raa8 31. Qd3 Qc6 32. Qe2 Ra5 33. Qf3 Rf8 34. Qd3 Qc4 35.
Qb1 Qc6 36. g4 hxg4 37. Rxg4 Rh8 38. Nd6 Bxd6 39. Rxb6 Rb8 40. Rxc6 Rxb1 41.
exd6 Ra7 42. h5 Rb3 43. hxg6 Rxa3 44. gxf7+ Kxf7 45. Rh4 Kg7 46. Rc1 Rd7 47.
Rg4+ Kf6 48. Rf4+ Kg5 49. Rf8 Rxd6 50. Rg1 Kg6 51. Kh2+ Kh7 52. Rf7+ Kh8 53. Rg5
Rd8 54. Rg6 Rd3 55. Rf4 Rd7 56. Rxe6 a3 57. Ra6 Kg7 58. Rg4+ Kf7 59. Kg2 Re7 60.
Rh4 Kg7 61. Rg4+ Kf7 62. Rf4+ Kg7 63. Rf5 Rxd4 64. Rxa3 Rf7 65. Rg5+ Kf6 66. Rh5
Kg6 67. Rh8 Kg7 68. Rd8 Rg4+ 69. Kf1 Rg5 70. Rd3 Rff5 71. Rd7+ Kg6 72. Rd6+ Kg7
73. Rd4 Kf7 74. Ra4 Kg7 75. Ke2 Rf6 76. Ra7+ Rf7 77. Rxf7+ Kxf7 78. f4 Rh5 79.
Kf3 d4 80. Ke4 Ra5 81. Rxd4 Ke6 82. Rb4 Kf6 83. Rb6+ Kf7 84. Kf3 Rc5 85. Kg4 Ra5
86. Rb7+ Kf6 87. Rb8 Rc5 88. Rf8+ Kg7 89. Rf5 Rxf5 90. Kxf5 1/2-1/2

[Event "74th ch-RUS w 2024"]
[Site "Barnaul RUS"]
[Date "2024.08.21"]
[Round "5.2"]
[White "Pogonina, Natalija"]
[Black "Lagno, Kateryna"]
[Result "0-1"]
[WhiteTitle "WGM"]
[BlackTitle "GM"]
[WhiteElo "2387"]
[BlackElo "2532"]
[WhiteFideId "4147855"]
[BlackFideId "14109336"]
[EventDate "2024.08.17"]

1. Nf3 Nf6 2. c4 g6 3. d4 Bg7 4. e3 O-O 5. Be2 d6 6. Nc3 Bf5 7. Nd2 e5 8. d5 a5
9. e4 Bd7 10. O-O Na6 11. a3 Nc5 12. b3 Bh6 13. Qc2 Nh5 14. Bxh5 gxh5 15. Nf3
Bxc1 16. Raxc1 f5 17. Nd2 f4 18. b4 axb4 19. axb4 Na6 20. Qb3 Kh8 21. Kh1 Rg8
22. Rg1 Qh4 23. Rcf1 Rg6 24. Nf3 Qf6 25. Nb1 Rag8 26. Nbd2 Qg7 27. g3 Bh3 28.
Rc1 Rg4 29. Rge1 fxg3 30. fxg3 Rxg3 0-1

[Event "74th ch-RUS w 2024"]
[Site "Barnaul RUS"]
[Date "2024.08.21"]
[Round "5.3"]
[White "Goryachkina, Aleksandra"]
[Black "Girya, Olga"]
[Result "1-0"]
[WhiteTitle "GM"]
[BlackTitle "GM"]
[WhiteElo "2545"]
[BlackElo "2402"]
[WhiteFideId "4147103"]
[BlackFideId "4195752"]
[EventDate "2024.08.17"]

1. e4 e5 2. Nf3 Nc6 3. Bb5 Nf6 4. d3 Bc5 5. Nbd2 d6 6. c3 O-O 7. O-O Bb6 8. a4
a6 9. Bxc6 bxc6 10. a5 Ba7 11. h3 Re8 12. Re1 c5 13. Nc4 Rb8 14. Bg5 h6 15. Bh4
Re6 16. Nfd2 Qe8 17. b3 Nh7 18. Ne3 Rg6 19. Kh1 Ng5 20. Bg3 Ne6 21. Nf5 Nd8 22.
Nc4 Be6 23. Ra3 Qd7 24. Nce3 Nc6 25. Qc2 Rb5 26. Rea1 Kh8 27. Kh2 Qc8 28. Bh4
Bd7 29. g4 Kh7 30. Nd5 Re6 31. Qd2 Bb8 32. Bf6 Nb4 33. cxb4 cxb4 34. R3a2 Rxd5
35. Bxg7 Rg6 36. Ne7 Qd8 37. Nxg6 Kxg7 38. exd5 fxg6 39. Rc1 Bxg4 40. hxg4 Qh4+
41. Kg2 Qxg4+ 42. Kf1 Qh3+ 43. Ke1 Qh1+ 44. Ke2 Qh5+ 45. f3 Qh2+ 46. Kd1 Qh1+
47. Kc2 Qxf3 48. Qxb4 Ba7 49. Qe4 1-0

[Event "74th ch-RUS w 2024"]
[Site "Barnaul RUS"]
[Date "2024.08.21"]
[Round "5.4"]
[White "Karmanova, Olga Dm."]
[Black "Kovanova, Baira"]
[Result "0-1"]
[WhiteTitle "WFM"]
[BlackTitle "WGM"]
[WhiteElo "2325"]
[BlackElo "2301"]
[WhiteFideId "24215333"]
[BlackFideId "4164083"]
[EventDate "2024.08.17"]

1. c4 e5 2. Nc3 Nf6 3. Nf3 Nc6 4. e4 h6 5. a3 d6 6. d4 Bg4 7. d5 Nd4 8. Be2 Nxe2
9. Qxe2 Be7 10. h3 Bd7 11. Be3 Nh7 12. g4 Nf8 13. O-O-O Ng6 14. Rdg1 c5 15. Qd2
h5 16. gxh5 Rxh5 17. h4 Bf6 18. Ne2 Qb6 19. Ng3 Rh8 20. Nf5 O-O-O 21. Ng5 Be8
22. Qc2 Nf4 23. Ng3 Qa6 24. Kb1 b5 25. Ne2 bxc4 26. Nxf4 exf4 27. Bxf4 c3 28. e5
dxe5 29. Be3 cxb2 30. Qxc5+ Kb8 31. Ne4 Rc8 32. Qb4+ Ka8 33. Nc5 Qb5 34. Qxb5
Bxb5 35. Kxb2 e4+ 36. Kb3 Rb8 37. Kc2 Bc4 38. d6 Rb2+ 39. Kd1 Be2+ 40. Kc1 Rhb8
41. Na4 Ra2 0-1

[Event "74th ch-RUS w 2024"]
[Site "Barnaul RUS"]
[Date "2024.08.21"]
[Round "5.5"]
[White "Charochkina, Daria"]
[Black "Goltseva, Ekaterina"]
[Result "1-0"]
[WhiteTitle "IM"]
[BlackTitle "FM"]
[WhiteElo "2295"]
[BlackElo "2366"]
[WhiteFideId "4180917"]
[BlackFideId "24173770"]
[EventDate "2024.08.17"]

1. d4 e6 2. c4 Nf6 3. Bf4 d5 4. cxd5 exd5 5. e3 Bf5 6. Nc3 c6 7. Nge2 Nh5 8. Be5
Nd7 9. h3 Nhf6 10. Ng3 Bg6 11. Bf4 Nb6 12. h4 h5 13. Bd3 Bxd3 14. Qxd3 Nc4 15.
e4 Bb4 16. O-O Nxb2 17. Qc2 Nc4 18. Bg5 Qa5 19. e5 Nh7 20. Nce2 Nxg5 21. hxg5
O-O-O 22. Qf5+ Rd7 23. g6 fxg6 24. Qxg6 Rh6 25. Qd3 g6 26. Ne4 Qa3 27. N4c3 h4
28. Rab1 Bxc3 29. Nxc3 h3 30. g4 Qe7 31. Rbe1 Qh4 32. Kh1 Qxg4 33. Rg1 Qe6 34.
f4 Rf7 35. Ref1 Qf5 36. Qe2 Rh5 37. Rg3 h2 38. Qg2 Qe6 39. Rxg6 Qf5 40. Rg8+ Kc7
41. Nxd5+ cxd5 42. Qxd5 b5 43. Ra8 1-0

[Event "74th ch-RUS w 2024"]
[Site "Barnaul RUS"]
[Date "2024.08.21"]
[Round "5.6"]
[White "Shuvalova, Polina"]
[Black "Garifullina, Leya"]
[Result "1/2-1/2"]
[WhiteTitle "IM"]
[BlackTitle "IM"]
[WhiteElo "2487"]
[BlackElo "2449"]
[WhiteFideId "24171760"]
[BlackFideId "34127035"]
[EventDate "2024.08.17"]

1. e4 c5 2. Nf3 d6 3. Bb5+ Nd7 4. d4 cxd4 5. Nxd4 Nf6 6. O-O a6 7. Ba4 e5 8. Nf5
Nxe4 9. Nd2 Nxd2 10. Bxd2 b5 11. Bb3 Nf6 12. Qf3 Rb8 13. Rfe1 Bxf5 14. Qxf5 Be7
15. a4 b4 16. a5 O-O 17. Ra4 d5 18. Qxe5 Bc5 19. Qf4 Rb5 20. g3 h6 21. Kg2 Rxa5
22. Bxb4 Rxa4 23. Bxa4 Qb6 24. Bxc5 Qxc5 25. Bb3 a5 26. h4 h5 27. Re3 Ra8 28.
Rd3 Qb5 29. Rd4 Ra7 30. Qe5 Kh8 31. Rd3 Rd7 32. c4 Qa6 33. Bc2 dxc4 34. Rxd7
Qc6+ 35. Kg1 Qxd7 36. Qxa5 g6 37. Qc3 Qe6 38. Bb1 Qa6 39. Qa3 Qe6 40. Ba2 Ne4
41. Qe3 Qd5 42. Qf3 Kg7 43. Bb1 Nf6 44. Qxd5 1/2-1/2

[Event "74th ch-RUS w 2024"]
[Site "Barnaul RUS"]
[Date "2024.08.22"]
[Round "6.1"]
[White "Kovanova, Baira"]
[Black "Charochkina, Daria"]
[Result "1/2-1/2"]
[WhiteTitle "WGM"]
[BlackTitle "IM"]
[WhiteElo "2301"]
[BlackElo "2295"]
[WhiteFideId "4164083"]
[BlackFideId "4180917"]
[EventDate "2024.08.17"]

1. e4 c6 2. Nf3 d5 3. d3 Qc7 4. Nc3 dxe4 5. dxe4 e5 6. Bc4 b5 7. Bb3 h6 8. O-O
Nf6 9. Ne2 Na6 10. Ng3 Nc5 11. a4 Nxb3 12. cxb3 Be6 13. Qc2 Bd6 14. Be3 O-O 15.
Rfc1 Rfc8 16. Qd3 Qb8 17. h3 a5 18. Nh4 bxa4 19. bxa4 c5 20. Bd2 Bf8 21. Bc3 c4
22. Qf3 Rd8 23. Rd1 Rxd1+ 24. Rxd1 Ra6 25. Ngf5 Bd7 26. Re1 Bxa4 27. Qg3 Nd7 28.
Ne3 Bb3 29. Nd5 a4 30. Nf5 Kh7 31. h4 g6 32. Qf3 1/2-1/2

[Event "74th ch-RUS w 2024"]
[Site "Barnaul RUS"]
[Date "2024.08.22"]
[Round "6.2"]
[White "Goltseva, Ekaterina"]
[Black "Shuvalova, Polina"]
[Result "1/2-1/2"]
[WhiteTitle "FM"]
[BlackTitle "IM"]
[WhiteElo "2366"]
[BlackElo "2487"]
[WhiteFideId "24173770"]
[BlackFideId "24171760"]
[EventDate "2024.08.17"]

1. d4 Nf6 2. c4 e6 3. Nc3 Bb4 4. e3 O-O 5. Bd3 Re8 6. Ne2 d5 7. O-O Nbd7 8. f3
c5 9. cxd5 exd5 10. a3 Ba5 11. dxc5 Bxc3 12. Nxc3 Nxc5 13. Bc2 b6 14. Rf2 Be6
15. Nb5 a5 16. Nd4 a4 17. Bd2 Bc8 18. Rc1 h6 19. Bb1 Ba6 20. Rc3 Bc4 21. Be1 Rc8
22. Bc2 b5 23. g4 Nfd7 24. Rg2 Ne6 25. Nf5 Ne5 26. Bh4 Ng5 27. Rg3 Ng6 28. Qd4
Ne6 29. Bxd8 Nxd4 30. Nxd4 Rcxd8 31. Bxg6 fxg6 32. Rg2 Rb8 33. Nc2 g5 34. Rd2
Rb6 35. Kf2 Rf8 36. Kg3 Kh7 37. Rf2 Bb3 38. Nb4 Re6 39. Rd3 Bc4 40. Rc3 Bb3 41.
Rd3 Bc4 42. Rc3 1/2-1/2

[Event "74th ch-RUS w 2024"]
[Site "Barnaul RUS"]
[Date "2024.08.22"]
[Round "6.3"]
[White "Gunina, Valentina"]
[Black "Garifullina, Leya"]
[Result "1-0"]
[WhiteTitle "GM"]
[BlackTitle "IM"]
[WhiteElo "2435"]
[BlackElo "2449"]
[WhiteFideId "4167570"]
[BlackFideId "34127035"]
[EventDate "2024.08.17"]

1. d4 Nf6 2. c4 e6 3. Nf3 d5 4. Nc3 Bb4 5. Bg5 h6 6. Bxf6 Qxf6 7. Qa4+ Nc6 8. e3
O-O 9. Be2 Rd8 10. O-O Bf8 11. Rac1 a6 12. a3 Rb8 13. Rfd1 Qe7 14. cxd5 exd5 15.
Qc2 Qe8 16. h3 Ne7 17. Bd3 Be6 18. Ne2 c6 19. Nf4 Nc8 20. Ne5 Bd6 21. Nh5 Ne7
22. Re1 f6 23. Nf4 fxe5 24. dxe5 Bxe5 25. Nxe6 Rd6 26. Nc5 Rf6 27. Rcd1 a5 28.
e4 d4 29. Be2 Kh8 30. Nd3 Bc7 31. Bg4 h5 32. Be2 b6 33. b4 axb4 34. axb4 g6 35.
Qc1 Qf8 36. Rf1 Re6 37. Rde1 Rxe4 38. Bxh5 Rxe1 39. Rxe1 gxh5 40. Qg5 Ng8 41.
Re6 Qf7 42. Rxc6 Ra8 43. g3 Ra1+ 44. Kg2 Ra3 45. Ne1 Kh7 46. Rc2 Bd6 47. Qc1
Qd5+ 48. Kg1 Bxb4 49. Rc7+ Kh8 50. Qb1 Be7 51. Ng2 Rf3 52. Nh4 Rf7 53. Ng6+ Kg7
54. Nf4 Rxf4 55. gxf4 Qd6 56. Qc1 b5 57. f5 Qe5 58. Qg5+ Kh8 59. Qxh5+ Kg7 60.
Qg4+ Kh8 61. Rc6 d3 62. Re6 Qa1+ 63. Kg2 d2 64. Rg6 Qa8+ 65. f3 Nf6 66. Qh4+ Nh7
67. Qxe7 Qxf3+ 68. Kxf3 d1=Q+ 69. Kf2 Qc2+ 70. Kg3 Qd3+ 71. Kh4 Qd4+ 72. Kh5
Qd1+ 73. Rg4 1-0

[Event "74th ch-RUS w 2024"]
[Site "Barnaul RUS"]
[Date "2024.08.22"]
[Round "6.4"]
[White "Girya, Olga"]
[Black "Karmanova, Olga Dm."]
[Result "1-0"]
[WhiteTitle "GM"]
[BlackTitle "WFM"]
[WhiteElo "2402"]
[BlackElo "2325"]
[WhiteFideId "4195752"]
[BlackFideId "24215333"]
[EventDate "2024.08.17"]

1. d4 Nf6 2. Nf3 d6 3. Nc3 Bf5 4. h3 g6 5. g4 Bc8 6. e4 Bg7 7. Be3 h5 8. g5 Nfd7
9. Bc4 a6 10. a4 O-O 11. Nh4 e6 12. f4 c5 13. dxc5 Qa5 14. O-O dxc5 15. e5 Rd8
16. Qe2 Nc6 17. Nxg6 fxg6 18. Bxe6+ Kf8 19. Qd3 Ne7 20. Rad1 Ke8 21. Ne4 Nxe5
22. Nd6+ Rxd6 23. Qxd6 Nf7 24. Bxf7+ Kxf7 25. Bxc5 Nc6 26. f5 gxf5 27. g6+ Kg8
28. Rfe1 Bd7 29. b4 Qd8 30. Qxd7 Qg5+ 31. Kh1 Qxg6 32. Rg1 Qf6 33. Rxg7+ 1-0

[Event "74th ch-RUS w 2024"]
[Site "Barnaul RUS"]
[Date "2024.08.22"]
[Round "6.6"]
[White "Voit, Daria"]
[Black "Pogonina, Natalija"]
[Result "1/2-1/2"]
[WhiteTitle "WGM"]
[BlackTitle "WGM"]
[WhiteElo "2345"]
[BlackElo "2387"]
[WhiteFideId "4182146"]
[BlackFideId "4147855"]
[EventDate "2024.08.17"]

1. d4 Nf6 2. c4 e6 3. Nc3 d5 4. cxd5 exd5 5. Bg5 Be7 6. e3 h6 7. Bh4 O-O 8. Bd3
c6 9. Qc2 Re8 10. h3 Nbd7 11. Bg3 a6 12. Nf3 c5 13. dxc5 Nxc5 14. O-O Bd6 15.
Bxd6 Qxd6 16. Rfd1 Be6 17. Qe2 Qb6 18. Nd4 Rac8 19. Rd2 Nce4 20. Bxe4 dxe4 21.
Nxe6 Qxe6 22. Rad1 Qc4 23. Qxc4 Rxc4 24. Rd4 Rxd4 25. Rxd4 Kf8 26. Kf1 Re6 27.
Rc4 Ke8 28. Ke1 Kd7 29. Rd4+ Kc7 30. Rc4+ Kd7 31. Rd4+ Kc7 32. Rc4+ Kd7 33. Rd4+ 1/2-1/2

[Event "74th ch-RUS w 2024"]
[Site "Barnaul RUS"]
[Date "2024.08.24"]
[Round "7.1"]
[White "Goryachkina, Aleksandra"]
[Black "Voit, Daria"]
[Result "1/2-1/2"]
[WhiteTitle "GM"]
[BlackTitle "WGM"]
[WhiteElo "2545"]
[BlackElo "2345"]
[WhiteFideId "4147103"]
[BlackFideId "4182146"]
[EventDate "2024.08.17"]

1. e4 c6 2. d4 d5 3. e5 Bf5 4. h4 h5 5. Bd3 Bxd3 6. Qxd3 Qa5+ 7. Nd2 e6 8. Nf3
Qa6 9. c4 Bb4 10. O-O Ne7 11. Rd1 c5 12. dxc5 Nbc6 13. Qc2 Bxd2 14. Bxd2 Qxc4
15. Qxc4 dxc4 16. Rdc1 Ng6 17. Rxc4 Ngxe5 18. Nxe5 Nxe5 19. Re4 Nd7 20. Bc3 O-O
21. b4 a5 22. a3 axb4 23. axb4 Rxa1+ 24. Bxa1 Rc8 25. Re1 b6 26. Rd1 1/2-1/2

[Event "74th ch-RUS w 2024"]
[Site "Barnaul RUS"]
[Date "2024.08.24"]
[Round "7.2"]
[White "Pogonina, Natalija"]
[Black "Gunina, Valentina"]
[Result "1/2-1/2"]
[WhiteTitle "WGM"]
[BlackTitle "GM"]
[WhiteElo "2387"]
[BlackElo "2435"]
[WhiteFideId "4147855"]
[BlackFideId "4167570"]
[EventDate "2024.08.17"]

1. Nf3 d5 2. c4 c6 3. e3 Bg4 4. Qb3 Qc7 5. Ne5 Be6 6. d4 Nd7 7. Nc3 dxc4 8. Bxc4
Bxc4 9. Nxc4 b5 10. Nd2 e6 11. O-O Ngf6 12. a4 b4 13. Nce4 Be7 14. Qc4 O-O 15.
b3 Rfd8 16. Bb2 Rac8 17. Rac1 Qb8 18. Nxf6+ Nxf6 19. Qe2 h6 20. h3 Qb7 21. Rc2
Qd7 22. Rfc1 Rc7 23. Qf3 Rdc8 24. Ne4 Nxe4 25. Qxe4 f5 26. Qd3 Qd5 27. Rc4 Rf8
28. Qc2 Rf6 29. Re1 Bd6 30. e4 fxe4 31. Qxe4 Rcf7 32. Qxd5 exd5 33. Rc2 Rg6 34.
Bc1 Re7 35. Rxe7 Bxe7 36. Kf1 h5 37. Bf4 Bd8 38. Be5 Kf7 39. g4 hxg4 40. hxg4
Bb6 41. f3 Rh6 42. Kg2 g5 43. Rc1 Re6 44. Kg3 Bd8 45. Kf2 c5 46. Kf1 c4 47. bxc4
Ra6 48. c5 Rxa4 49. c6 b3 50. c7 Bxc7 51. Rxc7+ Ke6 52. Rb7 Ra3 53. Ke2 a5 54.
Rb6+ Kd7 55. Kd2 a4 56. Kc1 Ra2 57. Kb1 Rf2 58. Rb4 Rf1+ 59. Kb2 Rf2+ 60. Kb1
Rf1+ 61. Kb2 Rf2+ 62. Kb1 1/2-1/2

[Event "74th ch-RUS w 2024"]
[Site "Barnaul RUS"]
[Date "2024.08.24"]
[Round "7.3"]
[White "Karmanova, Olga Dm."]
[Black "Lagno, Kateryna"]
[Result "0-1"]
[WhiteTitle "WFM"]
[BlackTitle "GM"]
[WhiteElo "2325"]
[BlackElo "2532"]
[WhiteFideId "24215333"]
[BlackFideId "14109336"]
[EventDate "2024.08.17"]

1. e4 e5 2. Nf3 Nc6 3. d4 exd4 4. Nxd4 Nf6 5. Nc3 Bb4 6. Nxc6 bxc6 7. Bd3 d5 8.
exd5 cxd5 9. O-O O-O 10. h3 Be6 11. Qf3 Be7 12. Bf4 c5 13. Rfd1 d4 14. Ne4 c4
15. Nxf6+ Bxf6 16. Be4 Rc8 17. Rab1 Qa5 18. b3 Bf5 19. bxc4 Bxe4 20. Qxe4 Rfe8
21. Qd3 Qxa2 22. Qb3 Qa6 23. Ra1 Qxc4 24. Rxa7 d3 25. Ra4 Qxc2 26. Rxd3 Re1+ 27.
Kh2 Qxf2 28. Qb7 Rce8 29. Qf3 Qg1+ 30. Kg3 g5 0-1

[Event "74th ch-RUS w 2024"]
[Site "Barnaul RUS"]
[Date "2024.08.24"]
[Round "7.4"]
[White "Charochkina, Daria"]
[Black "Girya, Olga"]
[Result "1-0"]
[WhiteTitle "IM"]
[BlackTitle "GM"]
[WhiteElo "2295"]
[BlackElo "2402"]
[WhiteFideId "4180917"]
[BlackFideId "4195752"]
[EventDate "2024.08.17"]

1. d4 Nf6 2. c4 e6 3. Nc3 Bb4 4. e3 O-O 5. Bd3 c5 6. Ne2 cxd4 7. exd4 d5 8. cxd5
Nxd5 9. O-O Re8 10. a3 Bf8 11. Nxd5 exd5 12. Nf4 Nc6 13. Be3 Bd6 14. Qh5 g6 15.
Qf3 Qh4 16. Rfe1 Be6 17. Bb5 a6 18. Bxc6 bxc6 19. Rac1 Bd7 20. g3 Qf6 21. Qd1 h5
22. Ng2 Re4 23. f3 Re7 24. Rc3 Rae8 25. Bf2 Rxe1+ 26. Nxe1 h4 27. gxh4 g5 28.
Ng2 gxh4 29. Bxh4 Qg6 30. f4 Bxf4 31. Bg3 Bh6 32. Be5 Bg4 33. Qf1 c5 34. Rg3
cxd4 35. Bf4 Bg7 36. h3 Be2 37. Qc1 Qf5 38. Bh6 Rc8 39. Rxg7+ Kh8 40. Qd2 d3 41.
Rg3 Kh7 42. Bg7 Rc6 43. Bc3 Bd1 44. Qe2 Bxe2 1-0

[Event "74th ch-RUS w 2024"]
[Site "Barnaul RUS"]
[Date "2024.08.24"]
[Round "7.5"]
[White "Shuvalova, Polina"]
[Black "Kovanova, Baira"]
[Result "1/2-1/2"]
[WhiteTitle "IM"]
[BlackTitle "WGM"]
[WhiteElo "2487"]
[BlackElo "2301"]
[WhiteFideId "24171760"]
[BlackFideId "4164083"]
[EventDate "2024.08.17"]

1. e4 e5 2. Nf3 Nc6 3. Bb5 a6 4. Ba4 Nf6 5. O-O Be7 6. Re1 b5 7. Bb3 d6 8. c3
O-O 9. h3 Bb7 10. d4 Re8 11. Nbd2 Bf8 12. a3 h6 13. Ba2 Nb8 14. Qb3 Qd7 15. Qc2
c5 16. d5 c4 17. Nf1 Qc7 18. Qe2 Nbd7 19. Bb1 Nc5 20. Bc2 g6 21. Ng3 Bg7 22. Be3
Kh7 23. Nd2 Rf8 24. a4 Nfd7 25. Rec1 Nb6 26. a5 Nbd7 27. b4 cxb3 28. Nxb3 Nxb3
29. Bxb3 Nc5 30. Bc2 Bc8 31. c4 Bd7 32. cxb5 axb5 33. Bd2 Rfc8 34. Qe3 Qb7 35.
h4 b4 36. Rcb1 Na6 37. Bd3 Bb5 38. Bxb5 Qxb5 39. Qb6 Rab8 40. Qe3 Rc2 41. Rb3
Qc5 42. Qe1 Qd4 43. Rd1 Qc5 44. Ra1 Rb5 45. Rab1 Rc4 46. h5 Rb7 47. Qe2 Qb5 48.
Kh2 Rd4 49. Qxb5 Rxb5 50. Be3 Rc4 51. Bb6 Bf6 52. f3 Bg5 53. hxg6+ fxg6 54. Nf1
Kg7 55. Ne3 Rc8 56. Kg3 Kf7 57. Kf2 Ke8 58. Ke2 Bd8 59. Bxd8 Kxd8 60. Ra1 Rcc5
61. Rb2 Ke7 62. Nc2 Rc3 63. Kd2 Rc4 64. Ra4 Kd7 65. Kd3 Rc3+ 66. Kd2 Rc4 67. Kd3
Rc3+ 1/2-1/2

[Event "74th ch-RUS w 2024"]
[Site "Barnaul RUS"]
[Date "2024.08.24"]
[Round "7.6"]
[White "Garifullina, Leya"]
[Black "Goltseva, Ekaterina"]
[Result "0-1"]
[WhiteTitle "IM"]
[BlackTitle "FM"]
[WhiteElo "2449"]
[BlackElo "2366"]
[WhiteFideId "34127035"]
[BlackFideId "24173770"]
[EventDate "2024.08.17"]

1. e4 e5 2. Nf3 Nc6 3. Bb5 a6 4. Ba4 Nf6 5. O-O Nxe4 6. d4 Be7 7. Re1 b5 8. Rxe4
d5 9. Nxe5 Nxe5 10. Rxe5 bxa4 11. Nc3 O-O 12. Qd3 Bd6 13. Re1 Qh4 14. h3 Qh5 15.
Nxa4 Bf5 16. Qf3 Qxf3 17. gxf3 Bxh3 18. Bg5 Rae8 19. Bh4 f5 20. b3 f4 21. c4
dxc4 22. bxc4 Bb4 23. Reb1 Ba5 24. Rb7 h6 25. Nc5 Bc8 26. Rb8 g5 27. Nb3 Bc3 28.
Rc1 Re1+ 29. Rxe1 Bxe1 30. Bxg5 hxg5 31. d5 Bc3 32. c5 a5 33. c6 Ba6 34. Rxf8+
Kxf8 35. Nc5 Bc8 36. Ne4 Be5 37. Nxg5 Ke7 38. Ne4 Ba6 39. a4 Bc4 40. d6+ Bxd6 0-1

[Event "74th ch-RUS w 2024"]
[Site "Barnaul RUS"]
[Date "2024.08.25"]
[Round "8.1"]
[White "Gunina, Valentina"]
[Black "Goltseva, Ekaterina"]
[Result "1-0"]
[WhiteTitle "GM"]
[BlackTitle "FM"]
[WhiteElo "2435"]
[BlackElo "2366"]
[WhiteFideId "4167570"]
[BlackFideId "24173770"]
[EventDate "2024.08.17"]

1. d4 Nf6 2. c4 e6 3. Nf3 b6 4. g3 Ba6 5. Qc2 Bb7 6. Bg2 c5 7. d5 exd5 8. cxd5
Nxd5 9. O-O Be7 10. Rd1 Nc6 11. Qf5 Nf6 12. e4 g6 13. Qf4 O-O 14. e5 Nh5 15. Qc4
Re8 16. Nc3 Bf8 17. Bg5 Qc8 18. g4 Na5 19. Qd3 Ng7 20. Ne4 Bxe4 21. Qxe4 Nc6 22.
Bf6 d6 23. Ng5 Nxe5 24. Qxa8 Qxa8 25. Bxa8 Rxa8 26. Bxe5 dxe5 27. Rd7 f5 28. h3
e4 29. Rad1 h6 30. Nf7 Ne6 31. gxf5 gxf5 32. Kh1 Bg7 33. Rg1 Rf8 34. Nd6 Kh8 35.
Re7 Ng5 36. h4 Bf6 37. Rxa7 Be5 38. hxg5 Bxd6 39. g6 Kg8 40. g7 Rb8 41. Rg6 Bf4
42. a4 e3 43. fxe3 Bxe3 44. Rf6 c4 45. Rc7 Ra8 46. Rxf5 Bd4 47. Rf8+ Rxf8 48.
gxf8=Q+ Kxf8 49. Rxc4 Bxb2 50. Rb4 Bc3 51. Rxb6 Ke7 52. Rb5 Kd6 53. a5 Bd4 54.
Rb7 Kc6 55. a6 Kd5 1-0

[Event "74th ch-RUS w 2024"]
[Site "Barnaul RUS"]
[Date "2024.08.25"]
[Round "8.2"]
[White "Kovanova, Baira"]
[Black "Garifullina, Leya"]
[Result "1/2-1/2"]
[WhiteTitle "WGM"]
[BlackTitle "IM"]
[WhiteElo "2301"]
[BlackElo "2449"]
[WhiteFideId "4164083"]
[BlackFideId "34127035"]
[EventDate "2024.08.17"]

1. e4 c5 2. Nf3 d6 3. d4 cxd4 4. Nxd4 Nf6 5. Nc3 a6 6. Bd3 e5 7. Nde2 Be7 8. O-O
O-O 9. Ng3 Be6 10. Nd5 Bxd5 11. exd5 g6 12. c4 Nbd7 13. Kh1 h5 14. f3 a5 15. Be3
h4 16. Ne2 Nh5 17. Qd2 f5 18. b3 Bf6 19. Rad1 Qe7 20. Ng1 Rfc8 21. Nh3 Kg7 22.
Rfe1 Kg8 23. Rc1 Nc5 24. Bc2 Nd7 25. Bb1 Nc5 26. Bc2 Nd7 27. Bb1 Nc5 28. Rcd1
Qg7 29. Bh6 Qh8 30. Be3 Qg7 31. Bc2 Nd7 32. Rc1 1/2-1/2

[Event "74th ch-RUS w 2024"]
[Site "Barnaul RUS"]
[Date "2024.08.25"]
[Round "8.3"]
[White "Girya, Olga"]
[Black "Shuvalova, Polina"]
[Result "1/2-1/2"]
[WhiteTitle "GM"]
[BlackTitle "IM"]
[WhiteElo "2402"]
[BlackElo "2487"]
[WhiteFideId "4195752"]
[BlackFideId "24171760"]
[EventDate "2024.08.17"]

1. d4 Nf6 2. c4 e6 3. Nf3 d5 4. e3 Be7 5. b3 O-O 6. Bb2 b6 7. cxd5 exd5 8. Nc3
a6 9. Bd3 Bd6 10. O-O Nbd7 11. Ne2 Re8 12. Ng3 g6 13. Rc1 Bb7 14. Qc2 Rc8 15.
Qe2 Qe7 16. Rc2 Ra8 17. Rfc1 c6 18. Re1 Ne4 19. Nd2 f5 20. Ngf1 Qh4 21. f3 Ndf6
22. Rcc1 Nxd2 23. Qxd2 Re6 24. Re2 Rae8 25. Rce1 a5 26. a4 Qg5 27. Bc3 h5 28.
Qb2 h4 29. b4 axb4 30. Bxb4 Bc7 31. Ba5 Rb8 32. Bd2 Qh5 33. e4 fxe4 34. fxe4
Nxe4 35. Bxe4 Rxe4 36. Rxe4 dxe4 37. Rxe4 c5 38. d5 Qxd5 39. Bh6 Qf7 40. Rxh4
Rd8 41. Bg5 Rd4 42. Rxd4 cxd4 43. Qxd4 Qd5 44. Qg4 Qe4 45. Qh3 Qf5 46. Qb3+ Qd5
47. Qxd5+ Bxd5 48. Ne3 Bb3 49. Kf2 Kf7 50. h4 Ke6 51. g4 Bxa4 52. h5 gxh5 53.
gxh5 Be8 54. h6 Bg6 55. Ng2 Bh7 56. Nf4+ Kf5 57. Nd5 Be5 58. Bd2 b5 59. Ba5 Ke4
60. Nc3+ 1/2-1/2

[Event "74th ch-RUS w 2024"]
[Site "Barnaul RUS"]
[Date "2024.08.25"]
[Round "8.4"]
[White "Lagno, Kateryna"]
[Black "Charochkina, Daria"]
[Result "1/2-1/2"]
[WhiteTitle "GM"]
[BlackTitle "IM"]
[WhiteElo "2532"]
[BlackElo "2295"]
[WhiteFideId "14109336"]
[BlackFideId "4180917"]
[EventDate "2024.08.17"]

1. e4 c5 2. Nf3 e6 3. d4 cxd4 4. Nxd4 Nc6 5. Nc3 d6 6. g4 Nge7 7. Be3 a6 8. Qe2
b5 9. Nb3 Na5 10. O-O-O Nc4 11. h4 Bb7 12. Kb1 Rc8 13. Bc1 Qb6 14. Rh3 g6 15. h5
gxh5 16. gxh5 Rg8 17. h6 Rg6 18. a3 Ng8 19. f4 Rxh6 20. f5 Rxh3 21. Bxh3 e5 22.
f6 Nxa3+ 23. Ka2 Rc4 24. Kxa3 Nxf6 25. Ka2 Nxe4 26. Be3 Qc7 27. Bd4 Ng5 28. Bg4
Be7 29. Be3 Ne4 30. Bf5 Rxc3 31. Bxe4 Rxb3 32. Bxb7 Rxe3 33. Qxe3 Qxb7 34. Qh3
Qc6 35. Qxh7 Qc4+ 36. b3 Qe2 37. Rg1 Qf2 38. Rg8+ Kd7 39. Rg7 1/2-1/2